The reconstruction of nations : Poland, Ukraine, Lithuania, Belarus, 1569-1999

Αποθηκεύτηκε σε:
Λεπτομέρειες βιβλιογραφικής εγγραφής
Κύριος συγγραφέας: Snyder, Timothy
Μορφή: Βιβλίο
Γλώσσα:English
Δημοσίευση: New Haven : Yale University Press, c2003.
Θέματα:
Ετικέτες: Προσθήκη ετικέτας
Δεν υπάρχουν, Καταχωρήστε ετικέτα πρώτοι!

MARC

LEADER 00000nam a2200000 a 4500
001 1/127448
008 231010s2003####us | ||| |||| ||eng||
020 |a 9780300105865 
040 |a GR-MyUa  |b gre  |c GR-MyUa  |e AACR2 
041 0 |a eng 
082 7 |a 947.084   |2 (21) 
100 1 |a Snyder, Timothy. 
245 1 4 |a The reconstruction of nations :   |b Poland, Ukraine, Lithuania, Belarus, 1569-1999 /   |c Timothy Snyder. 
260 |a New Haven :   |b Yale University Press,   |c c2003.  
300 |a xv, 367 σ. :   |b χάρτες, φωτ. ;   |c 24 εκ.  
504 |a Περιλαμβάνει βιβλιογραφικές παραπομπές, σημειώσεις και ευρετήριο.  
651 0 |a Europe, Eastern  |x History  |y 20th century. 
852 |a INST  |b RHODES  |e 20231010  |h 947.084 SNY  |p 005400043823  |q 005400043823  |t BK  |y 0 
970 |z 10-10-2023